000 00630nam a2200181 a 4500
008 120416s2001 ||||||||||||||||| || u
020 _a0750648112
050 _aTK 7868.D5 Str
100 _aStranneby, Dag
245 1 0 _aDigital signal processing
246 _aDSP and applications
260 _aOxford :
_bNewnes
_c2001.
300 _aviii, 230p. : ill.
350 _a0.00
500 _aBibliography.
650 _aSignal processing - Digital techniques
995 _D0.00
_FCBU-MAIN LIBRARY (Kitwe)
_H1
_I19.75
_M1
_UOUT
_WJul 12, 2006
_ZMain Library Open Access Collection
999 _c40188
_d40188